Feminism and Poetry/ (Record no. 215705)

MARC details
000 -LEADER
fixed length control field 00523nam a22001937a 4500
005 - DATE AND TIME OF LATEST TRANSACTION
control field 20260320153705.0
010 ## - LCCN (DPL NO)
LC control number ENG-148083
020 ## - INTERNATIONAL STANDARD BOOK NUMBER
International Standard Book Number 9789334274318
Terms of availability 450.00
035 ## - SYSTEM CONTROL NUMBER
System control number EN-131615
037 ## - SOURCE OF ACQUISITION
Source of stock number/acquisition DBAD
082 ## - DEWEY DECIMAL CLASSIFICATION NUMBER
Classification number 881.08
Edition number 2
100 ## - MAIN ENTRY--PERSONAL NAME
Personal name R J Kalpana
245 ## - TITLE STATEMENT
Title Feminism and Poetry/
Remainder of title R.J Kalpana
250 ## - EDITION STATEMENT
Edition statement 2
260 ## - PUBLICATION, DISTRIBUTION, ETC. (IMPRINT)
Place of publication, distribution, etc Vasista Theosophical Trust
Name of publisher, distributor, etc R J Kalpana
Date of publication, distribution, etc 2025
270 ## - ADDRESS
Address Vasista Theosophical Trust
300 ## - PHYSICAL DESCRIPTION
Extent 286p.
Dimensions 21cm.(pb)
942 ## - ADDED ENTRY ELEMENTS (KOHA)
Source of classification or shelving scheme Dewey Decimal Classification
Item type English Books
Classification part 881.08
Call number suffix RJK
Holdings
Withdrawn status Lost status Not for loan Collection code Home library Current library Date acquired Source of acquisition Cost, normal purchase price Full call number Barcode Copy number Cost, replacement price Koha item type
    Not For Loan Non-fiction D.B.Act.Division D.B.Act.Division 20/03/2026 Delivery of Books Act Division 450.00 881.08 RJK EN-131615 1 450.00 English Books

© Delhi Public Library
Hit Counter
free hit counter